[Event "18th Reykjavik op"]
[Site "Reykjavik ISL"]
[Date "1998.03.18"]
[Round "9.6"]
[White "Thorhallsson, Throestur"]
[Black "Miles, Richard"]
[Result "1/2-1/2"]
[WhiteElo "2480"]
[BlackElo "2595"]
[EventDate "1998.03.10"]
[PlyCount "113"]

1.e4 Nf6 2.e5 Nd5 3.d4 d6 4.Bc4 c6 5.Bb3 dxe5 6.dxe5 Bf5 7.Ne2 e6 8.Ng3 
Bg6 9.Qe2 Nd7 10.Nd2 Nb4 $5 ( 10...Qc7 $5 11.Nf3 Bb4+ 12.Kf1 $8 Be7 $15 {
[%cal Gd7c5]} ) 11.Nde4 ( 11.Nf3 Nc5 $17 {[%csl Rc2]} ) 11...h5 12.h4 ( 
12.Bg5 Qa5 13.c3 h4 $1 14.O-O-O $8 Nxa2+ $17 ) 12...Nxe5 13.f4 Bxe4 14.
Nxe4 Ng4 15.f5 $1 e5 $8 16.Bd2 Nd5 17.O-O-O Qc7 ( 17...Be7 18.c4 Ndf6 19.
Bh6 Rxh6 20.Rxd8+ Rxd8 21.Ng5 Bc5 $13 {[%csl Rb3]} ) 18.Bg5 $1 f6 19.c4 $5
Nb6 ( 19...fxg5 20.cxd5 cxd5+ 21.Nc3 O-O-O ( 21...d4 22.Rxd4 Be7 23.Ba4+ 
$16 {[%cal Gd4d7]} ) 22.Bxd5 Bb4 23.Rh3 $13 ) 20.Be3 $44 {[%csl Re8][%cal 
Gc4c5]} 20...c5 $6 {[%csl Rd5]} ( 20...Nxe3 21.Qxe3 Nd7 {[%cal 
Gc7b6,Ge8c8]} 22.c5 Nxc5 $5 23.Nxc5 Qb6 24.Qd3 Qxc5+ 25.Kb1 Qe7 $8 26.Be6 
$1 $44 {[%cal Ge6d7]} 26...Qc7 ( 26...Rd8 27.Bf7+ Kxf7 28.Qxd8 $16 ) 27.
Bd7+ Ke7 28.Qc4 $40 ) 21.Nc3 g6 $5 {[%cal Gg4e3,Rf8h6]} 22.Kb1 ( 22.Nd5 $5
Nxd5 23.Ba4+ Kf7 ( 23...Ke7 24.cxd5 $1 ( 24.Rxd5 Nxe3 $1 25.Rd7+ Qxd7 26.
Bxd7 Bh6 27.Ba4 gxf5 28.Kb1 Rag8 29.Rg1 Rg4 $15 ) 24...Rd8 {[%tqu 
"En","","","","d5d6","",5]} 25.d6+ $1 Rxd6 26.Rxd6 Qxd6 27.Rd1 Qc7 28.Qc4 
$18 {[%cal Gc4e6]} ) 24.Rxd5 $36 {[%cal Rd5d7]} ) 22...gxf5 23.Bc2 e4 24.
Rhf1 ( 24.Nd5 $5 Nxd5 25.Rxd5 Ne5 26.Ba4+ Kf7 27.Rhd1 Qa5 28.Bd7 $40 ) 
24...Nxe3 25.Qxe3 Qe5 26.Qh3 Rd8 27.Rde1 ( 27.Rxd8+ $5 Kxd8 28.Rxf5 Qd4 
29.Bxe4 $14 ) 27...Nxc4 28.Rxf5 Nd2+ 29.Ka1 Qe6 30.Nxe4 Nxe4 $8 31.Rxe4 
Rd1+ 32.Bxd1 Qxe4 33.Rxf6 $16 {[%csl Re8] Opposite coloured bishops only 
strengthen the attack.} 33...Kd8 34.Qg3 Qd4 $1 35.Rf1 Bd6 36.Qb3 b6 37.Bf3
( 37.Bxh5 $1 $16 {[%cal Gf1d1]} 37...Qxh4 ( 37...Rxh5 $2 38.Qg8+ Kd7 39.
Qf7+ $18 ) ( 37...c4 38.Qf3 {[%cal Gf3a8]} 38...Kc7 39.Qf7+ Kb8 40.Bf3 Bc7
41.Rd1 Qc5 42.Qg7 $18 {[%csl Rb7][%cal Gh4h5]} ) 38.Qd5 Qg3 ( 38...Qd4 39.
Qa8+ Kd7 40.Qxa7+ $18 ) 39.Qa8+ Bb8 40.Rd1+ $40 ) 37...c4 38.Qa4 Rh7 $1 
39.Qc6 $6 Rc7 40.Qa4 ( 40.Qa8+ $2 Rc8 41.Qxa7 c3 $40 ) 40...Qc5 41.Rd1 c3 
$132 42.bxc3 Qxc3+ 43.Kb1 Qc5 44.Qb3 Ke7 45.Bd5 Qf2 $6 ( 45...Qc3 $5 46.
Qxc3 Rxc3 $11 ) 46.Qd3 Bc5 $2 47.Qh7+ Kd6 48.Bb3+ $2 {missing} ( 48.Qg6+ 
$1 Ke7 ( 48...Ke5 49.Qe4+ Kf6 50.Qe6+ Kg7 51.Qe5+ $18 {[%cal Re5c7]} ) 49.
Qg7+ Kd6 50.Be4+ $18 ) 48...Bd4 49.Qg6+ Kc5 50.Rc1+ Kb4 51.Qd6+ Kb5 52.
Qd5+ Rc5 53.Qd7+ Ka6 54.Qa4+ Kb7 55.Qd7+ Ka6 56.Qa4+ Kb7 57.Qd7+ 1/2-1/2

[Event "18th Reykjavik op"]
[Site "Reykjavik ISL"]
[Date "1998.03.18"]
[Round "9.7"]
[White "Hector, Jonny"]
[Black "Agdestein, Simen"]
[Result "1/2-1/2"]
[WhiteElo "2505"]
[BlackElo "2570"]
[EventDate "1998.03.10"]
[PlyCount "46"]

1.e4 e6 2.d4 d5 3.Nc3 Nf6 4.Bg5 dxe4 5.Nxe4 Nbd7 6.Nf3 h6 7.Bh4 Be7 8.
Nxf6+ Bxf6 9.Bxf6 Qxf6 10.Qd2 c5 11.O-O-O cxd4 12.Nxd4 O-O 13.f4 e5 14.
fxe5 Qxe5 15.Bb5 Nf6 16.h3 a6 17.Bd3 Bd7 18.Rhf1 Rfe8 19.Nf5 Bxf5 20.Rxf5 
Qe6 21.Kb1 Re7 22.Rf4 Rae8 23.Rd4 Qe5 1/2-1/2

[Event "18th Reykjavik op"]
[Site "Reykjavik ISL"]
[Date "1998.03.18"]
[Round "9.8"]
[White "Olsen, Heini"]
[Black "Kindermann, Stefan"]
[Result "0-1"]
[WhiteElo "2270"]
[BlackElo "2565"]
[EventDate "1998.03.10"]
[PlyCount "70"]

1.d4 Nf6 2.c4 g6 3.Nc3 Bg7 4.e4 d6 5.Nf3 O-O 6.Be2 e5 7.d5 Na6 8.Bg5 {
Petrosian} 8...h6 9.Bh4 g5 ( 9...c5 10.Nd2 ( 10.O-O Qe8 11.Nd2 Nh7 12.Nb5 
Qd7 13.f3 Ng5 14.a3 Qe7 15.Bf2 f5 16.b4 b6 17.Rb1 f4 18.Qe1 Nf7 19.Nb3 g5 
20.bxc5 bxc5 21.Na5 {1-0 Gligoric,S-Minic,D/JUG-ch 1960/MCD-ch (48)} ) 
10...Bd7 $6 ( 10...Nc7 ) 11.Nb5 $1 {1-0 Petrosian,T-Lutikov,A/URS-ch26 
1959/URS-ch (41)} ) 10.Bg3 Nxe4 11.Nxe4 f5 12.Nc3 ( 12.Nfd2 fxe4 13.Nxe4 
Bf5 14.Bd3 g4 15.O-O h5 16.f3 Bxe4 17.Bxe4 Nc5 18.Bc2 e4 $1 $15 {
Jacimovic,D-Maki,V/EU-chTM 1997/EXP 57/[Hecht]/E-E (74) 0-1 
Rogers,I-Mortensen,E/Vejstrup 1989/CBM 15} ) 12...f4 13.Ne4 $6 ( 13.Nd2 $5
Nc5 14.Nde4 {1-0 Valenzuela,L-Peralta,F/Panamerican-ch 1996/EXT 97 (41)} )
13...Bf5 14.Nfd2 Nc5 $1 15.f3 fxg3 16.hxg3 g4 ( 16...c6 17.g4 ) 17.Qc2 c6 
$1 18.fxg4 Bg6 19.Bd3 cxd5 $1 ( 19...Nxd3+ 20.Qxd3 Qb6 ( 20...Qa5 21.a3 
$14 ) 21.b3 ) 20.Nxc5 ( 20.cxd5 Rc8 21.Qb1 Nxd3+ 22.Qxd3 Qb6 $17 ) 20...e4
21.Bxe4 ( 21.Ncxe4 dxe4 22.Bxe4 Bxe4 23.Nxe4 Qa5+ 24.Kd1 d5 $17 ) 21...
dxe4 ( 21...Qe7 $5 22.cxd5 Rac8 ) 22.Ne6 Qb6 23.Nxf8 Rxf8 ( 23...Qe3+ $5 
24.Kd1 Rxf8 25.Nf1 $13 ) 24.c5 ( 24.O-O-O $2 e3 ) 24...dxc5 25.O-O-O $2 ( 
25.Qb3+ $142 Bf7 ( 25...Qxb3 26.axb3 Bxb2 $5 ( 26...a6 $17 ) 27.Rxa7 e3 
28.Nf3 Bd3 29.Kd1 Bc3 30.Ra2 $13 ) 26.Qxb6 axb6 27.O-O-O e3 28.Nf3 $13 ) 
25...e3 26.Qb3+ c4 $5 ( 26...Bf7 $5 27.Qxb6 exd2+ 28.Rxd2 axb6 29.Rd7 $17 
) 27.Qxb6 ( 27.Nxc4 Rc8 28.Rd7 Qxb3 29.axb3 b5 30.Rhd1 bxc4 31.Rd8+ Rxd8 
32.Rxd8+ Kf7 33.Rd7+ Kf8 34.bxc4 Bxb2+ $17 ) 27...exd2+ 28.Rxd2 axb6 $19 
29.Rd6 Bd3 30.Rxb6 Bd4 31.Rxb7 Be3+ 32.Kd1 Rf2 33.Re7 Bg5 34.Rb7 Rc2 35.
Ke1 ( 35.Rb8+ $142 Kf7 36.Rf1+ Ke7 $17 ) 35...Rc1+ $19 0-1

[Event "18th Reykjavik op"]
[Site "Reykjavik ISL"]
[Date "1998.03.18"]
[Round "9.9"]
[White "Olafsson, Helgi"]
[Black "Gunnarsson, Jon Viktor"]
[Result "1/2-1/2"]
[WhiteElo "2505"]
[BlackElo "2390"]
[EventDate "1998.03.10"]
[PlyCount "71"]

1.c4 Nf6 2.Nc3 g6 3.e4 d6 4.d4 Bg7 5.f3 O-O 6.Be3 e5 7.d5 Nh5 8.Qd2 Qh4+ 
9.Bf2 Qf4 10.Be3 Qh4+ 11.g3 Nxg3 12.Qf2 Nxf1 13.Qxh4 Nxe3 14.Ke2 Nxc4 15.
Rc1 c6 16.b3 Nb6 17.Qe7 cxd5 18.exd5 Na6 19.Qxd6 Bf5 20.Qe7 Rfe8 21.Qh4 e4
22.Nxe4 Bxe4 23.fxe4 f5 24.Qg3 Rxe4+ 25.Kf2 Be5 26.Qh3 Bd4+ 27.Kf1 Nxd5 
28.Nf3 Ne3+ 29.Ke2 Ng4+ 30.Kd2 Bg7 31.Rhe1 Bh6+ 32.Kc2 Rc8+ 33.Kb2 Rxc1 
34.Rxc1 Nb4 35.Qh4 Nc6 36.Nd2 1/2-1/2

[Event "18th Reykjavik op"]
[Site "Reykjavik ISL"]
[Date "1998.03.18"]
[Round "9.10"]
[White "Gausel, Einar"]
[Black "Hillarp Persson, Tiger"]
[Result "1-0"]
[WhiteElo "2555"]
[BlackElo "2410"]
[EventDate "1998.03.10"]
[PlyCount "73"]

1.Nf3 Nf6 2.c4 g6 3.Nc3 Bg7 4.e4 d6 5.d4 O-O 6.Be2 e5 7.O-O Nc6 8.d5 Ne7 
9.Bg5 h6 10.Bxf6 Bxf6 11.b4 Bg7 12.c5 Kh8 13.Nd2 f5 14.Nc4 Ng8 15.a4 Nf6 
16.f3 h5 17.a5 Bh6 18.Qe1 Qe7 19.Kh1 Kg7 20.Bd3 h4 21.exf5 gxf5 22.cxd6 
cxd6 23.f4 e4 24.Be2 Ne8 25.Ne3 Rh8 26.Rc1 Kg6 27.Nb5 Bd7 28.g4 hxg3 29.
Qxg3+ Kh7 30.Rg1 Qf7 31.Nd4 Rg8 32.Qh3 Rxg1+ 33.Rxg1 Ng7 34.Bb5 Bxb5 35.
Nxb5 Qf6 36.Nxd6 Qxd6 37.Rxg7+ 1-0

[Event "18th Reykjavik op"]
[Site "Reykjavik ISL"]
[Date "1998.03.18"]
[Round "9.11"]
[White "Conquest, Stuart"]
[Black "Stefansson, Hannes Hlifar"]
[Result "1/2-1/2"]
[WhiteElo "2480"]
[BlackElo "2540"]
[EventDate "1998.03.10"]
[PlyCount "61"]

1.e4 c5 2.Nf3 Nc6 3.Bb5 Nd4 4.Bc4 g6 5.Nc3 Bg7 6.O-O Nf6 7.d3 O-O 8.Bg5 d6
9.Nxd4 cxd4 10.Nd5 e6 11.Nxf6+ Bxf6 12.Bxf6 Qxf6 13.f4 Bd7 14.Qd2 b5 15.
Bb3 a5 16.a4 b4 17.Rae1 e5 18.Rf3 Be6 19.fxe5 Qxe5 20.Bc4 Rae8 21.Bb5 Re7 
22.Rg3 f6 23.b3 Kg7 24.Rf3 Bc8 25.Rff1 Bb7 26.Qf2 Bc8 27.Qh4 Be6 28.Re2 
Ref7 29.Rfe1 Re7 30.Rf1 Ref7 31.Rfe1 1/2-1/2

[Event "18th Reykjavik op"]
[Site "Reykjavik ISL"]
[Date "1998.03.18"]
[Round "9.13"]
[White "Ivanov, Mikhail M."]
[Black "Gallagher, Joseph"]
[Result "0-1"]
[WhiteElo "2440"]
[BlackElo "2490"]
[EventDate "1998.03.10"]
[PlyCount "63"]

1.Nf3 Nf6 2.c4 g6 3.Nc3 Bg7 4.e4 d6 5.d4 O-O 6.h3 Na6 7.Be3 e5 8.d5 Nc5 9.
Nd2 a5 10.g4 c6 11.Be2 Ne8 12.g5 f5 13.h4 a4 14.Bxc5 dxc5 15.Nxa4 Nd6 16.
Nc3 cxd5 17.cxd5 Bd7 18.a4 Qb6 19.Qb3 Qb4 20.h5 gxh5 21.Rxh5 b5 22.O-O-O 
bxa4 23.Qa3 Rac8 24.Rh4 fxe4 25.Ndxe4 Nxe4 26.Nxe4 Rxf2 27.Qg3 Rxe2 28.
Nf6+ Kf7 29.Rxb4 cxb4+ 30.Kb1 Bf5+ 31.Ka1 Rcc2 32.Qh4 0-1

[Event "18th Reykjavik op"]
[Site "Reykjavik ISL"]
[Date "1998.03.18"]
[Round "9.14"]
[White "Cicak, Slavko"]
[Black "Richardson, John"]
[Result "1-0"]
[WhiteElo "2480"]
[BlackElo "2315"]
[EventDate "1998.03.10"]
[PlyCount "113"]

1.e4 c6 2.d4 d5 3.Nd2 dxe4 4.Nxe4 Nd7 5.c4 Ndf6 6.Nc3 Bg4 7.Nge2 Bxe2 8.
Bxe2 e6 9.Be3 Bd6 10.Qb3 Ne7 11.O-O-O b5 12.cxb5 O-O 13.bxc6 Nfd5 14.Nxd5 
Nxd5 15.Ba6 Rb8 16.Bb7 Nb4 17.d5 exd5 18.Kb1 Qf6 19.Rd2 d4 20.Bxd4 Qg6+ 
21.Ka1 Nxc6 22.Bc3 Nd8 23.Rxd6 Qxd6 24.Bb4 Qf6 25.Bxf8 Rxb7 26.Bb4 Qxf2 
27.Rd1 Ne6 28.Qc4 Rb8 29.Qe4 h6 30.a3 Rc8 31.Bc3 Qb6 32.Ka2 Rd8 33.Re1 Qb8
34.Qg4 Qd6 35.Re5 Rc8 36.Rb5 Qc6 37.Ra5 Qd7 38.Bxg7 Qd3 39.Bc3+ Kh7 40.
Qf5+ Qxf5 41.Rxf5 Rc7 42.Kb1 Ng5 43.Ra5 Rd7 44.Kc2 Ne4 45.Bb4 Kg6 46.Re5 
Nd6 47.Rd5 Rc7+ 48.Rc5 Ne8 49.Rxc7 Nxc7 50.Bc5 a6 51.Kb3 Kf5 52.Ka4 Ke4 
53.Ka5 Ne6 54.Be7 Nf4 55.g3 Nd5 56.Bf8 h5 57.Kxa6 1-0

[Event "18th Reykjavik op"]
[Site "Reykjavik ISL"]
[Date "1998.03.18"]
[Round "9.15"]
[White "Nijboer, Friso"]
[Black "Bjornsson, Tomas"]
[Result "1-0"]
[WhiteElo "2580"]
[BlackElo "2235"]
[EventDate "1998.03.10"]
[PlyCount "49"]

1.e4 d6 2.d4 Nf6 3.Nc3 g6 4.Be3 Bg7 5.Qd2 Nc6 6.f3 a6 7.O-O-O b5 8.Bh6 O-O
$6 $146 {Very dangerous decision.White has a simple plan of 
attack:h2-h4-h5} ( 8...Bxh6 9.Qxh6 e5 ( 9...e6 10.h4 Qe7 11.g4 Bb7 12.Nh3 
O-O-O 13.a4 b4 14.Na2 a5 15.Kb1 Kb8 16.c3 bxc3 17.Nxc3 $14 {1-0 
Jansa,V-Tibensky,R/CSR-ch 1984 (39)} ) 10.d5 ( 10.dxe5 Nxe5 11.h3 b4 12.
Nb1 Be6 13.f4 Ned7 14.Nd2 Ng8 15.Qg7 Qf6 16.Qxf6 Ngxf6 17.g4 Nc5 18.Bg2 
O-O-O 19.Ne2 Rhe8 20.Rhe1 Bd7 21.Nd4 $14 {Bohnhoff,P-Schmidt,R/RLPF-chB 
1991/E-E (45)} ) 10...Na5 11.Bd3 Rg8 12.h4 Qe7 13.Qd2 Bd7 14.a4 Nb7 15.
axb5 axb5 16.Kb1 Qd8 17.Nxb5 Qb8 18.Na3 Nc5 19.Qc3 Ke7 $44 {E-E 
Hamdouchi,H-Baena,J/Open, Malaga ESP 1998} ) 9.h4 {[%csl Rg8][%cal Gh4h5]}
9...Nh5 $2 {Black had to come with counterplay in the centre.After 9...i 
h5? Black doesn't have a lot of chances to escape.} 10.Nge2 {[%cal Gg2g4]}
10...e5 {Better later than never.} 11.g4 Bxh6 ( 11...exd4 12.Nd5 $1 d3 $5 
( 12...Bxh6 13.Qxh6 Nf6 14.h5 $18 {[%csl Rg8]} ) ( 12...Nf6 13.Bxg7 Kxg7 
14.h5 $1 Nxd5 15.exd5 Ne5 16.hxg6 hxg6 17.Qh6+ Kf6 18.Nxd4 $18 {[%csl Rf6]
} ) 13.cxd3 Nf6 ( 13...Bxh6 14.Qxh6 Nf6 15.h5 $18 ) 14.h5 Nxd5 15.Bxg7 
Kxg7 16.exd5 Ne5 17.hxg6 hxg6 18.Qh6+ Kf6 19.d4 $18 ) 12.Qxh6 Ng7 13.Nd5 
$1 {[%csl Rf6][%cal Gh4h5]} 13...Be6 $2 {Doesn't prevent White's threat.} 
( 13...f6 $8 14.g5 Nh5 ( 14...f5 15.h5 $1 Nxh5 16.Ng3 $1 $18 ) 15.gxf6 
Nxf6 ( 15...exd4 16.Nef4 $1 Nxf6 17.Nxg6 $1 hxg6 18.Qxg6+ Kh8 19.Rg1 Rg8 
20.Qxf6+ Qxf6 21.Rxg8+ Kxg8 22.Nxf6+ $18 ) 16.h5 $1 Nxh5 17.Ng3 $1 Rf7 $8 
( 17...Ng7 18.f4 $1 ( 18.Qxh7+ Kf7 19.f4 $1 {[%cal Rh1h6]} ( 19.Rh6 ) ( 
19.Rh6 $2 Qg5+ ) ) 18...exf4 19.Nxf4 $1 $18 ) 18.Nxh5 gxh5 19.Rg1+ Kh8 20.
dxe5 ( 20.Qxh5 $5 ) 20...Nxe5 21.f4 $16 ) 14.h5 $18 Bxd5 ( 14...Nxd4 15.
Nxd4 exd4 16.hxg6 fxg6 17.Qxh7+ Kf7 18.Rh6 $18 ) 15.hxg6 fxg6 16.exd5 Nxd4
17.Nxd4 exd4 18.Qxh7+ Kf7 19.Bd3 $1 Qf6 ( 19...Qg5+ 20.f4 $1 Qxg4 ( 20...
Qxf4+ 21.Kb1 $18 ) 21.Rhg1 Qxf4+ 22.Kb1 $18 ) 20.Rh6 Qg5+ ( 20...Rh8 21.
Bxg6+ Ke7 22.Re1+ Kd7 23.Bf5+ Qxf5 24.Qxg7+ $18 ) 21.f4 $1 Qxf4+ 22.Kb1 
Qe5 23.Rxg6 Rg8 24.Rf1+ Ke7 25.Re6+ 1-0

[Event "18th Reykjavik op"]
[Site "Reykjavik ISL"]
[Date "1998.03.18"]
[Round "9.16"]
[White "Karason, Askell Oern"]
[Black "Mortensen, Erling"]
[Result "0-1"]
[WhiteElo "2260"]
[BlackElo "2510"]
[EventDate "1998.03.10"]
[PlyCount "74"]

1.d4 Nf6 2.c4 g6 3.Nc3 Bg7 4.e4 d6 5.Be2 O-O 6.Bg5 Na6 7.h4 e5 8.d5 c6 9.
h5 cxd5 10.cxd5 Bd7 11.h6 Bh8 12.f3 Qb6 13.Qd2 Nc5 14.Rc1 a5 15.Nh3 a4 16.
Nf2 Rfc8 17.Be3 Qa5 18.Nd3 Nxd3+ 19.Bxd3 a3 20.b3 Nh5 21.Kf2 Bf6 22.Nb5 
Qd8 23.g3 Rxc1 24.Rxc1 Be7 25.Rh1 Nf6 26.Qb4 Ne8 27.Nxa3 b5 28.Bb1 f5 29.
Kg2 fxe4 30.Bxe4 Nf6 31.Ra1 Nxe4 32.fxe4 Bg5 33.Bf2 Qf6 34.Rf1 Rf8 35.Nc2 
Qf3+ 36.Kg1 Bh3 37.Ne1 Qe2 0-1

[Event "18th Reykjavik op"]
[Site "Reykjavik ISL"]
[Date "1998.03.18"]
[Round "9.17"]
[White "Jonsson, Bjorgvin"]
[Black "Finnlaugsson, Gunnar"]
[Result "1-0"]
[WhiteElo "2380"]
[BlackElo "2215"]
[EventDate "1998.03.10"]
[PlyCount "47"]

1.e4 e6 2.d4 d5 3.Nc3 Bb4 4.e5 c5 5.a3 Bxc3+ 6.bxc3 Ne7 7.Qg4 Qc7 8.Qxg7 
Rg8 9.Qxh7 cxd4 10.Ne2 Nbc6 11.f4 Bd7 12.Qd3 dxc3 13.Qxc3 O-O-O 14.Ng3 d4 
15.Qc5 Nd5 16.Bd3 f6 17.exf6 Nxf4 18.O-O Nxd3 19.cxd3 b6 20.Qh5 Rh8 21.Bh6
Ne5 22.f7 Rdf8 23.Bxf8 Rxh5 24.Bd6 1-0

[Event "18th Reykjavik op"]
[Site "Reykjavik ISL"]
[Date "1998.03.18"]
[Round "9.19"]
[White "Fridjonsson, Julius"]
[Black "Bradbury, Neil"]
[Result "0-1"]
[WhiteElo "2215"]
[BlackElo "2360"]
[EventDate "1998.03.10"]
[PlyCount "56"]

1.c4 c5 2.Nc3 Nc6 3.g3 g6 4.Bg2 Bg7 5.a3 Nf6 6.Rb1 O-O 7.b4 cxb4 8.axb4 e6
9.b5 Ne5 10.Qb3 d5 11.cxd5 exd5 12.d4 Nc4 13.Nf3 Bf5 14.Ra1 Re8 15.O-O Ne4
16.e3 Qd7 17.Ra2 Nxc3 18.Qxc3 Qxb5 19.Nd2 Nxd2 20.Bxd2 Be6 21.Qa1 a6 22.
Rb1 Qc6 23.Bf1 b5 24.h4 h5 25.Bd3 Bf8 26.Rc1 Qb7 27.Qb1 Kg7 28.e4 dxe4 0-1

[Event "18th Reykjavik op"]
[Site "Reykjavik ISL"]
[Date "1998.03.18"]
[Round "9.20"]
[White "Halldorsson, Bragi"]
[Black "Schmied, Andreas"]
[Result "1-0"]
[WhiteElo "2285"]
[BlackElo "2155"]
[EventDate "1998.03.10"]
[PlyCount "85"]

1.d4 f5 2.g3 g6 3.Bg2 Nf6 4.h4 d5 5.Nh3 Be6 6.Nf4 Bf7 7.Nd2 Nbd7 8.Nd3 Bg7
9.Nf3 c6 10.c3 Qb6 11.Qb3 Qxb3 12.axb3 a6 13.b4 O-O 14.Nc5 Nxc5 15.bxc5 
Nd7 16.Bf4 Rfe8 17.Kd2 e5 18.Nxe5 Bxe5 19.Bxe5 Nxe5 20.dxe5 Rxe5 21.Ra4 
Re7 22.e3 Kg7 23.Bf1 Rh8 24.Bd3 Be6 25.Rd4 h6 26.Ra1 g5 27.Raa4 Kf6 28.
Rdb4 Rc8 29.Kc2 Rcc7 30.Rd4 Bf7 31.Kb3 Bh5 32.Kb4 Bf3 33.Ka5 Be4 34.Be2 
Bg2 35.Rdb4 Re4 36.hxg5+ hxg5 37.Rxe4 fxe4 38.Kb6 Rf7 39.Bg4 Kg7 40.Be6 
Rxf2 41.Kxb7 Rf3 42.Kxc6 Rxg3 43.Kd6 1-0

[Event "18th Reykjavik op"]
[Site "Reykjavik ISL"]
[Date "1998.03.18"]
[Round "9.22"]
[White "Gunnarsson, Arinbjorn"]
[Black "Baldursson, Hrannar"]
[Result "1-0"]
[WhiteElo "2240"]
[BlackElo "2180"]
[EventDate "1998.03.10"]
[PlyCount "55"]

1.e4 d6 2.c4 g6 3.Nc3 Bg7 4.d4 Nf6 5.f4 c5 6.d5 e5 7.Nf3 exf4 8.Bxf4 Nh5 
9.Bg5 Qa5 10.Qd2 O-O 11.Be7 Re8 12.Bxd6 Bxc3 13.Qxc3 Rxe4+ 14.Kf2 Qb6 15.
Bd3 Re8 16.Rhe1 Bd7 17.Be7 Na6 18.Rac1 Nb4 19.Bb1 Nf4 20.Rcd1 Bg4 21.Rd2 
Ne6 22.Ne5 Nd4 23.Nxg4 Rxe7 24.Rxe7 h5 25.Nh6+ Kg7 26.Rxf7+ Kh8 27.Qe3 Qd6
28.Rxd4 1-0

[Event "18th Reykjavik op"]
[Site "Reykjavik ISL"]
[Date "1998.03.18"]
[Round "9.23"]
[White "Thorfinnsson, Bjoern"]
[Black "Edvardsson, Kristjan"]
[Result "0-1"]
[WhiteElo "2100"]
[BlackElo "2205"]
[EventDate "1998.03.10"]
[PlyCount "78"]

1.d4 Nf6 2.Nf3 g6 3.g3 Bg7 4.Bg2 c5 5.c3 d5 6.O-O O-O 7.dxc5 Qc7 8.b4 a5 
9.Bb2 Rd8 10.Nbd2 Ne4 11.Nd4 Nf6 12.a3 Bg4 13.Qe1 Bh6 14.f4 Nc6 15.e3 Bg7 
16.N2b3 b6 17.Nxc6 Qxc6 18.c4 Qa4 19.Nd4 bxc5 20.bxc5 Rab8 21.Rf2 Ne4 22.
Bxe4 dxe4 23.Bc3 Rbc8 24.c6 Bh3 25.Rd2 Qxc4 26.Rc1 Qa4 27.Ne2 Bxc3 28.Rxc3
Rxd2 29.Qxd2 Qb5 30.c7 e5 31.Kf2 exf4 32.exf4 e3+ 33.Qxe3 Re8 34.c8=Q Bxc8
35.Qd3 Qb6+ 36.Nd4 Ba6 37.Qd2 Re2+ 38.Qxe2 Bxe2 39.Kxe2 Qxd4 0-1

[Event "18th Reykjavik op"]
[Site "Reykjavik ISL"]
[Date "1998.03.18"]
[Round "9.24"]
[White "Einarsson, Einar Kristinn"]
[Black "Halldorsson, Jon Arni"]
[Result "0-1"]
[WhiteElo "2085"]
[BlackElo "2185"]
[EventDate "1998.03.10"]
[PlyCount "94"]

1.c4 c6 2.e4 d5 3.exd5 cxd5 4.d4 Nf6 5.Nc3 e6 6.Nf3 Be7 7.Be2 O-O 8.O-O 
Nc6 9.Bg5 b6 10.Ne5 Bb7 11.Bf3 Rc8 12.cxd5 Nxd5 13.Bxe7 Ndxe7 14.Qa4 Qc7 
15.Nb5 Qd8 16.Nxa7 Ra8 17.Nexc6 Nxc6 18.Bxc6 Bxc6 19.Qxc6 Rxa7 20.Rfd1 Rd7
21.Qc4 Rd5 22.Rd3 Qd7 23.Rad1 Rd8 24.f4 b5 25.Qc3 h6 26.Qa5 Qd6 27.g3 g5 
28.fxg5 hxg5 29.Qd2 Qb6 30.Qe3 Kg7 31.h4 gxh4 32.Rf1 hxg3 33.Qf4 f5 34.
Rxg3+ Kf7 35.Qh6 Qxd4+ 36.Rf2 Rh8 37.Qg6+ Ke7 38.Qg5+ Kd7 39.Rg2 Qd1+ 40.
Rf1 Rh1+ 41.Kxh1 Qxf1+ 42.Kh2 Qc4 43.b3 Qc7+ 44.Rg3 Qe5 45.Qh5 Rd3 46.Qf7+
Kd6 47.Qf8+ Kc6 0-1

[Event "18th Reykjavik op"]
[Site "Reykjavik ISL"]
[Date "1998.03.18"]
[Round "9.25"]
[White "Ragnarsson, Johann"]
[Black "Kristjansson, Stefan"]
[Result "0-1"]
[WhiteElo "2110"]
[BlackElo "2255"]
[EventDate "1998.03.10"]
[PlyCount "80"]

1.d4 Nf6 2.c4 c5 3.d5 e6 4.Nc3 exd5 5.cxd5 d6 6.e4 g6 7.f4 Bg7 8.Bb5+ Nbd7
9.e5 dxe5 10.fxe5 Nh5 11.e6 Qh4+ 12.g3 Nxg3 13.hxg3 Qxh1 14.exd7+ Bxd7 15.
Bxd7+ Kxd7 16.Qg4+ Kd8 ( 16...f5 17.Qa4+ Kc8 18.Be3 Bxc3+ 19.bxc3 Qxd5 20.
Rd1 Qc6 21.Qxc6+ bxc6 22.Bxc5 Rb8 23.Rd2 Rd8 24.Re2 Rd3 25.Bd4 Kd7 26.Kf2 
c5 27.Bxc5 Rxc3 28.Bd4 Rc1 29.Bxa7 Rbc8 30.Be3 R1c2 31.a4 Rxe2+ 32.Nxe2 
Rc4 33.a5 Ra4 34.Bb6 h5 35.Nd4 Kc8 36.Kf3 Rxd4 37.Bxd4 {E-E 
Thorsteins,K-Ashley,M/New York op 1989/CBM 12} ) 17.Bg5+ f6 18.Be3 $146 ( 
18.O-O-O Re8 19.Nge2 Qh2 20.Nf4 fxg5 21.Ne6+ Rxe6 22.dxe6+ Ke8 {1-0 
Zaja,I-Kutuzovic,B/CRO-Cup 1995/EXT 95} ) 18...Re8 19.Qf4 $4 ( 19.Kd2 $142
Bh6 20.Bxh6 Qxh6+ 21.Kc2 f5 $15 ) 19...Qxg1+ 20.Kd2 Qg2+ 21.Kd3 Re5 22.
Bxc5 Rc8 23.Bd4 Qxb2 24.Bxe5 fxe5 25.Qh4+ Ke8 26.Qa4+ Kf8 27.Rf1+ Kg8 28.
Ne2 b5 29.Qg4 Qc2+ 30.Ke3 Qc5+ 31.Kf3 Qxd5+ 32.Kf2 Rc4 33.Qh3 Rc2 34.Qg4 
Qd4+ 35.Qxd4 exd4 36.Rd1 Rxa2 37.Kf3 b4 38.Nxd4 Bxd4 39.Rxd4 b3 40.Rb4 b2 
( 40...b2 ) 0-1

[Event "18th Reykjavik op"]
[Site "Reykjavik ISL"]
[Date "1998.03.18"]
[Round "9.27"]
[White "Gunnarsson, Arnar"]
[Black "Kjartansson, David"]
[Result "0-1"]
[WhiteElo "2195"]
[BlackElo "2100"]
[EventDate "1998.03.10"]
[PlyCount "152"]

1.c4 Nf6 2.Nc3 c6 3.e4 d5 4.e5 d4 5.exf6 dxc3 6.bxc3 exf6 7.d4 Bd6 8.g3 
O-O 9.Bg2 Qa5 10.Ne2 Bg4 11.Qd3 Re8 12.Be3 Nd7 13.Nc1 Ba3 14.Nb3 Qh5 15.h3
Bf5 16.Qd2 Qg6 17.Na5 Nb6 18.c5 Na4 19.O-O Bb2 20.Nxb7 Bxc3 21.Qd1 Bc2 22.
Qf3 Be4 23.Qg4 Qxg4 24.hxg4 Bxg2 25.Kxg2 Bxa1 26.Rxa1 Rab8 27.Na5 Re6 28.
Rd1 Nc3 29.Bf4 Rb5 30.Rd3 Nxa2 31.Ra3 Nb4 32.Bd6 Re2 33.Kf3 Re8 34.Nc4 Nc2
35.Rxa7 Nxd4+ 36.Kg2 f5 37.gxf5 Nxf5 38.Na5 Rc8 39.Nxc6 h5 40.g4 hxg4 41.
Ne5 Nxd6 42.Nxg4 Rbxc5 43.Ne3 Rg5+ 44.Kf3 Ne8 45.Ng4 Rc3+ 46.Kf4 Rxg4+ 47.
Kxg4 Nf6+ 48.Kf4 g6 49.f3 Kg7 50.Ra6 Nh5+ 51.Kg4 Rc4+ 52.Kh3 g5 53.Rb6 f6 
54.Kg2 Kg6 55.Kf2 Nf4 56.Rb7 Nd3+ 57.Kg3 Ne5 58.Rb3 Rd4 59.Rb5 Rd3 60.Kg2 
Nxf3 61.Kf2 Ne5 62.Rb6 g4 63.Kg2 Kg5 64.Rb5 Rd2+ 65.Kg3 Rd4 66.Ra5 Re4 67.
Ra8 f5 68.Rg8+ Ng6 69.Rg7 f4+ 70.Kf2 Ra4 71.Rc7 Ra2+ 72.Kf1 g3 73.Rc5+ Kg4
74.Rc4 Nh4 75.Rb4 g2+ 76.Kg1 Nf3# 0-1

[Event "18th Reykjavik op"]
[Site "Reykjavik ISL"]
[Date "1998.03.18"]
[Round "9.28"]
[White "Briem, Stefan"]
[Black "Palsson, Halldor"]
[Result "1-0"]
[WhiteElo "2185"]
[BlackElo "2145"]
[EventDate "1998.03.10"]
[PlyCount "79"]

1.e4 c6 2.d4 d5 3.e5 Bf5 4.h4 h5 5.Ne2 e6 6.Ng3 Bg6 7.Nd2 c5 8.Bb5+ Nc6 9.
c3 cxd4 10.cxd4 Ne7 11.Nb3 Qb6 12.Bd3 Bxd3 13.Qxd3 Nb4 14.Qd1 Rc8 15.O-O 
Ng6 16.Bg5 Be7 17.Nxh5 Qd8 18.Qg4 Bxg5 19.hxg5 Kf8 20.f4 Ne7 21.Rac1 Nd3 
22.Rxc8 Qxc8 23.Qe2 Qc4 24.Ng3 g6 25.Rf3 Nb4 26.Rc3 Qxe2 27.Nxe2 Nbc6 28.
Nc5 Nf5 29.Rd3 b6 30.Nb7 Ke7 31.g4 Ng7 32.Nd6 Ne8 33.Rc3 Nxd6 34.Rxc6 Ne8 
35.Kg2 Kd7 36.Rc1 Nc7 37.Kg3 Rc8 38.Rh1 Ne8 39.f5 exf5 40.gxf5 1-0

[Event "18th Reykjavik op"]
[Site "Reykjavik ISL"]
[Date "1998.03.18"]
[Round "9.30"]
[White "Lehikoinen, Pertti"]
[Black "Steindorsson, Sigurdur Pall"]
[Result "1-0"]
[WhiteElo "2250"]
[BlackElo "2027"]
[EventDate "1998.03.10"]
[PlyCount "75"]

1.d4 Nf6 2.c4 e6 3.Nf3 b6 4.g3 Bb7 5.Bg2 Be7 6.Nc3 d5 7.cxd5 exd5 8.O-O 
O-O 9.Qc2 Nbd7 10.Rd1 c5 11.dxc5 bxc5 12.b3 d4 13.Na4 Be4 14.Qd2 Rb8 15.e3
Qc7 16.exd4 c4 17.Qc3 Bb4 18.Bf4 Qb7 19.Qe3 Rbe8 20.Be5 Ng4 21.Qf4 Ngxe5 
22.dxe5 Re7 23.Rd4 f5 24.Rxc4 Ba5 25.Nc5 Nxc5 26.Rxc5 Bb6 27.Rc3 Rd8 28.
Rf1 Ba5 29.Rc4 Bd2 30.Qh4 g5 31.Qh5 g4 32.Nxd2 Bxg2 33.Qg5+ Kf8 34.Qxf5+ 
Rf7 35.Qg5 Rxd2 36.Qxd2 Bxf1 37.Qd8+ Kg7 38.Rxg4+ 1-0

[Event "18th Reykjavik op"]
[Site "Reykjavik ISL"]
[Date "1998.03.18"]
[Round "9.31"]
[White "Schubert, Hans Joachim"]
[Black "Wiese, Hans Joachim"]
[Result "1/2-1/2"]
[WhiteElo "2070"]
[BlackElo "2165"]
[EventDate "1998.03.10"]
[PlyCount "142"]

1.e4 e5 2.Nf3 d6 3.d4 Bg4 4.dxe5 Nd7 5.exd6 Bxd6 6.Nc3 Qe7 7.Be2 Ngf6 8.
Nd4 Bxe2 9.Qxe2 g6 10.Ndb5 Be5 11.f4 Bxc3+ 12.Nxc3 O-O-O 13.e5 Nh5 14.O-O 
Ng7 15.Qf2 Nb6 16.a4 Kb8 17.a5 Nc8 18.Qf3 a6 19.Be3 Nf5 20.Bf2 h5 21.Rfd1 
Rxd1+ 22.Rxd1 Qb4 23.b3 Re8 24.Ne4 Qxa5 25.Nc5 c6 26.g3 Rd8 27.Rxd8 Qxd8 
28.Qd3 Qxd3 29.Nxd3 Kc7 30.Kg2 b6 31.Kf3 Nfe7 32.h3 c5 33.Nb2 Kc6 34.Ke4 
Nf5 35.c3 Nce7 36.c4 Kb7 37.g4 hxg4 38.hxg4 Nh6 39.Kf3 Nc6 40.Nd3 Na5 41.
Nc1 Kc6 42.Be1 Nb7 43.Bd2 Ng8 44.f5 gxf5 45.gxf5 Kd7 46.Ke4 Nd8 47.Bc3 Nc6
48.Nd3 a5 49.Nf4 Nb4 50.e6+ fxe6 51.fxe6+ Ke7 52.Bxb4 cxb4 53.Kd5 a4 54.
bxa4 b3 55.Nd3 Nf6+ 56.Kc6 Kxe6 57.Kxb6 Kd6 58.a5 Nd7+ 59.Kb5 Ne5 60.Nb2 
Kc7 61.c5 Nc6 62.a6 Na7+ 63.Kc4 Kc6 64.Nd3 Nb5 65.Nb4+ Kc7 66.Kxb3 Nd4+ 
67.Kc4 Ne6 68.Nd5+ Kb8 69.Kb5 Ka7 70.c6 Nd4+ 71.Kc5 Nxc6 1/2-1/2